| 000 | 00756cam a2200217 4500 | ||
|---|---|---|---|
| 001 | M744 | ||
| 008 | 970403 1949 l f | ||
| 035 | _a(Sirsi) u5153 | ||
| 041 | 0 | _aeng | |
| 110 | 1 |
_aUnited Kingdom _kLaws, etc _95044 |
|
| 245 | 0 | 0 | _aParliament Square (Improvements) Act, 1949 |
| 260 |
_aLondon _bHMSO _c1949 |
||
| 300 |
_a9p. _c25cm. |
||
| 520 | _aPermits the London County Council to carry out works to improve the square including Little George Street adjacent to RICS. | ||
| 650 | 2 | 4 | _a12 GREAT GEORGE STREET |
| 650 | 2 | 4 | _aPARLIAMENT SQUARE (IMPROVEMENTS) ACT 1949 |
| 651 | 4 |
_aWestminster (City of) _y1900-1965 |
|
| 690 | _aABOUT RICS-RICS OFFICES-RICS HEAD OFFICES-RICS PARLIAMENT SQUARE | ||
| 942 | _n0 | ||
| 948 | _c04/03/1997 | ||
| 999 |
_c86128 _d86128 |
||